=LDR 00000nam 2200000 4500 =001 INLIS000000000033221 =005 20130612135205 =008 ***********************************ind** =035 ##$$0010-061300000033221 =041 ##$$a ind =082 ##$$a 613,9 =090 ##$$a 613.9, Agu,s =100 ##$$a Agus s =245 ##$$a Quantum Sex, 7 Jurus Dahsyat Memuaskan Pasangan, Agus s ; Editor, Nurul M.F =260 ##$$a 2008 $b Surakarta =300 ##$$a 96 hlm., Illus, 15 cm =650 ##$$a Tehnik Seksual =850 ##$$a NBPNMAT